College Quizbowl Stats
College Quizbowl Stats
Circuits
Seasons
Sets
Records
Detailed Stats
About
Loading...
2023 Penn Bowl @ UNC
Tossups
Bonuses
Players
Teams
Categories (Tossup)
Categories (Bonus)
Jeffery DeRomo
USC B
Categories
Category
Powers
Gets
Negs
BBs
Points
Earliest Buzz
Avg. Buzz
First Buzzes
Top 3 Buzzes
History - European History
0
2
0
1
20
115
122.00
2
2
Philosophy
0
2
0
0
20
122
124.50
1
2
Mythology
0
1
0
1
10
130
130.00
0
1
Other Academic
0
1
0
0
10
121
121.00
0
1
Religion
0
1
0
0
10
101
101.00
0
1
Buzzes
Category
Answer
Value
Buzz Position
Religion
Temptation of Christ
10
101
History - European History
Welsh
10
115
Other Academic
bagels
10
121
Philosophy
Czechoslovakia
10
122
Philosophy
Karl Marx
10
127
History - European History
Romanian Revolution
10
129
Mythology
elves
10
130
Previous
1
Next